| 000 | 00417nam a2200157Ia 4500 | ||
|---|---|---|---|
| 008 | 230711s9999||||xx |||||||||||||| ||und|| | ||
| 041 | _aENG | ||
| 082 |
_a541.39 _bGA-N |
||
| 100 | _aGallon,John R | ||
| 245 | 0 | _aIntroduction to nitrogen fixation | |
| 250 | _a1st Ed. | ||
| 260 |
_c1987 _aNew York _bContinuum (Formerly Cassell Academic) Publication |
||
| 650 | _aChemistry | ||
| 700 | _aChaplin,Alan E | ||
| 942 | _cBK | ||
| 999 |
_c2343 _d2343 |
||